000 00399nam a2200157Ia 4500
008 151213s9999 xx 000 0 und d
100 _aObaidul Huq Chowdhury
245 _aSmall Cause Court Act
_cObaidul Huq Chowdhury
250 _a2nd
260 _aDhaka
_bDLR Publication
_c1992
300 _a3245 p.
650 _aLaw
650 _aLaw
700 _aObaidul Huq Chowdhury
999 _c2230
_d2230